000 00917nam a22002057a 4500
999 _c62983
_d62983
003 Ge_BSU
005 20250422164235.0
008 250422s2003 ge ||||| |||| 00| 0 geo d
020 _a9994072366
041 _ageo
080 _a633.72(479.22) კ-75
100 _aკოპალიანი, როლანდ
_924895
245 _aჩაის კულტურის რეაბილიტაციის მეცნიერული საფუძვლები საქართველოში /
_cროლანდ კოპალიანი.
264 _aთბ. :
_bზეკარი,
_c2003.
300 _a207 გვ. ;
_b20 სმ.
504 _aბიბლიოგრ.: გვ. 194-200.
653 _aმეჩაიეობა საქართველოში
700 _aმიქელაძე, ა.
_eრედაქტორი
_924896
942 _2udc
_cᲬᲘᲒᲜᲘ